| Tag |
First Indicator |
Second Indicator |
Subfields |
| LEADER |
00000nam a2200000Ia 4500 |
| 001 |
in00004305708 |
| 005 |
20200810090513.0 |
| 006 |
m g d |
| 007 |
cr bn |||a|bb| |
| 008 |
880713s1681 enk o 00| | eng d |
| 035 |
|
|
|a (OCoLC)18206620
|
| 040 |
|
|
|a EAI
|c EAI
|d WaOLN
|
| 037 |
|
|
|a CL0037000037
|b ProQuest Information and Learning. 300 N. Zeeb Rd., Ann Arbor, MI 48106
|
| 043 |
|
|
|a e-uk---
|
| 045 |
1 |
|
|b d1660
|b 1685
|
| 090 |
|
|
|a DA448
|b .L37
|
| 049 |
|
|
|a EAIA
|
| 100 |
1 |
|
|a L'Estrange, Roger,
|c Sir,
|d 1616-1704.
|
| 245 |
1 |
2 |
|a A letter out of Scotland :
|b from Mr. R.L.S. to his friend, H.B. in London.
|
| 260 |
|
|
|a [London] :
|b Printed for N.F. ...,
|c 1681.
|
| 300 |
|
|
|a 1 online resource (4 pages)
|
| 336 |
|
|
|a text
|b txt
|2 rdacontent
|
| 337 |
|
|
|a computer
|b c
|2 rdamedia
|
| 338 |
|
|
|a online resource
|b cr
|2 rdacarrier
|
| 500 |
|
|
|a Caption title.
|
| 500 |
|
|
|a Imprint from colophon; place of publication suggested by Wing.
|
| 500 |
|
|
|a Reproduction of original in the Bodleian Library.
|
| 510 |
4 |
|
|a Wing
|c L1269
|
| 533 |
|
|
|a Electronic reproduction.
|b Ann Arbor, Mich. :
|c UMI,
|d 1999-
|f (Early English books online)
|n Digital version of: (Early English books, 1641-1700 ; 1127:7)
|7 s1999 miun s
|
| 650 |
|
0 |
|a Popish Plot, 1678.
|
| 651 |
|
0 |
|a Great Britain
|x History
|y Charles II, 1660-1685.
|
| 830 |
|
0 |
|a Early English books online.
|
| 856 |
4 |
0 |
|u http://proxy.library.tamu.edu/login?url=https://search.proquest.com/docview/2240921326
|z Connect to the full text of this electronic book
|t 0
|
| 999 |
f |
f |
|s 9531b44a-21e3-3f6d-b987-39266c7e5e78
|i 0ac6b35f-eaa5-3cd7-8771-add1a17f312a
|t 0
|
| 952 |
f |
f |
|a Texas A&M University
|b College Station
|c Electronic Resources
|d Available Online
|t 0
|e DA448 .L37
|h Library of Congress classification
|
| 998 |
f |
f |
|a DA448 .L37
|t 0
|l Available Online
|